000 00674cam a22002294a 4500
999 _c174841
_d174841
003 UPN
005 20211130102004.0
008 150324s2002 es r 000 0 spa d
020 _a8484281639
035 _aUPN01000202740
040 _aUPN
_bspa
_cUPN
049 _aCG
050 4 _aPN147
_bD5.2
100 1 _aDintel, Felipe
_937235
245 1 0 _aCómo se elabora un texto :
_btodos los pasos para expresarse por escrito con claridad y corrección /
_cFelipe Dintel.
260 _aBarcelona, Esp. :
_bAlba,
_c2002.
300 _a102 p.
490 0 _aGuías del escritor ;
_v9
650 4 _aARTE DE ESCRIBIR -
_vMANUALES
_92553
905 _aLibro
942 _2lcc
_cLIBRO